000 00313nam a22001217a 4500
008 230703b xxu||||| |||| 00| 0 eng d
082 _a342 16
_bIPU 2004
245 _aConstitutional and Parliamentary Information
260 _bInter-Parliamentary Union
_c2004
300 _a66p
440 _n187
942 _2ddc
_cBK
999 _c3486
_d3486